| 000 | 00000nam##2200000za#4500 |
|---|---|
| 001 | 9.614448 |
| 003 | CaOODSP |
| 005 | 20200327133431 |
| 007 | ta |
| 008 | 150406|1997||||xxc||||| f|0| 0 eng|d |
| 040 | |aCaOODSP|beng |
| 043 | |an-cn--- |
| 086 | 1 |aH50-3/1-1998E |
| 110 | 1 |aCanada.|bHealth Canada. |bHealth Protection Branch. |
| 245 | 10|aBlue-green algae (Cyanobacteria) and their toxins |
| 260 | |aOttawa - Ontario : |bHealth Canada. |c1997. |
| 300 | |a4p. ; |c28 cm. |
| 490 | 1 |aIt's your health |
| 563 | |aProcessed |
| 590 | |a98-24|b1998-06-12 |
| 830 | #0|aIt's your health.|w(CaOODSP)9.514736 |